| 000 | 006100000a22001810004500 | ||
|---|---|---|---|
| 041 | 0 | _aENG | |
| 082 | 0 | 4 | _aG 189 K892e |
| 100 | 1 | _aKraft, Heinrich (1918-) | |
| 245 | 1 | 0 | _aEarly Christian thinkers : An introduction to Clement of Alexandria and Origen / H. Kraft |
| 260 | _aLondon, Great Britain : United Society for Christian Literature | ||
| 300 | _a77 Pag. | ||
| 650 | 1 | 4 | _aCLEMENTE DE ALEJANDRIA, SAN, 150-215 a.C \ ORIGEN \ ESCUELA ALEJANDRINA CRISTIANA |
| 001 | 1397 | ||
| 942 | _cBK | ||
| 999 |
_c32720 _d32720 |
||
| 336 |
_atexto _btxt _2rdacontent |
||
| 337 |
_2rdamedia _asin mediación _bn |
||
| 338 |
_2rdacarrier _avolumen _bnc |
||